书目信息 |
| 题名: |
李欧梵自选集
|
|
| 作者: | 李欧梵 | |
| 分册: | ||
| 出版信息: | 上海 上海教育出版社 2002 |
|
| 页数: | 373 | |
| 开本: | 20cm | |
| 丛书名: | 学人文丛 | |
| 单 册: | ||
| 中图分类: | Z1 | |
| 科图分类: | ||
| 主题词: | 丛书 | |
| 电子资源: | ||
| ISBN: | 7-5320-7918-X | |
| 000 | 00525nam0 2200205 450 | |
| 001 | 0757995392 | |
| 005 | 20071007160635.39 | |
| 010 | @a7-5320-7918-X | |
| 100 | @a20071007d km y0chiy0120 ea | |
| 101 | 0 | @achi |
| 200 | 1 | @a李欧梵自选集@Ali ou fan zi xuan ji@f李欧梵@Fli ou fan |
| 210 | @a上海@c上海教育出版社@d2002 | |
| 215 | @a373@d20cm | |
| 225 | 2 | @a学人文丛 |
| 410 | 0 | @12001 @a学人文丛 |
| 606 | 0 | @a丛书 |
| 690 | @aZ1@v3 | |
| 701 | 0 | @a李欧梵@Ali ou fan |
| 801 | 0 | @aCN@bPFT@c20071007 |
| 905 | @a213230@dZ1@ea112@f1 | |
| 李欧梵自选集/李欧梵.-上海:上海教育出版社,2002 |
| 373;20cm.-(学人文丛) |
| ISBN 7-5320-7918-X: |
| ● |
| 相关链接 |
|
|
|
|
正题名:李欧梵自选集
索取号:Z1/a112
 
预约/预借
| 序号 | 登录号 | 条形码 | 馆藏地/架位号 | 状态 | 备注 |
| 1 | 7508579 | 275085792 | 密集书库-史法系/ [索取号:Z1/a112] | 在馆 |